| 000 | 00321nam a2200121Ia 4500 | ||
|---|---|---|---|
| 008 | 190216s9999||||xx |||||||||||||| ||und|| | ||
| 100 | _aFranklin W Steahl | ||
| 245 | 4 | _aThe Mechanics Of Inheritance | |
| 260 |
_bPrentice Hall Of India Pvt Ltd _c1968 |
||
| 300 | _a53p | ||
| 650 | _aMechanics Of Inheritance | ||
| 942 | _cREF | ||
| 999 |
_c35159 _d35159 |
||